[Event "22nd LIE-Open"]
[Site "Triesen LIE"]
[Date "2004.05.17"]
[Round "4"]
[White "Papa,S"]
[Black "Sarakauskas,G"]
[Result "1-0"]
[WhiteElo "2405"]
[BlackElo "2430"]

1.d4 Nf6 2.Bg5 e6 3.e4 d5 4.e5 h6 5.Bh4 g5 6.Bg3 Ne4 7.Nd2 c5 8.Nxe4 dxe4
9.dxc5 Qa5+ 10.c3 Qxc5 11.Qa4+ Nc6 12.Qxe4 Bg7 13.Nf3 b6 14.h4 Bb7 15.O-O-O Rd8
16.hxg5 Rxd1+ 17.Kxd1 hxg5 18.Rxh8+ Bxh8 19.Qh7 Qf8 20.Nxg5 Bxe5 21.Bxe5 Nxe5
22.Nxe6 Bf3+ 23.gxf3 fxe6 24.Qh5+ Nf7 25.Bb5+ Kd8 26.Qh4+ Qe7 27.Qxe7+ Kxe7
28.f4 Nd6 29.Bd3 Kf6 30.Kd2 Nf7 31.Ke3 Nh6 32.f3 Ng8 33.Kd4 Ne7 34.Be4 Nc8
35.c4  1-0

[Event "29th Elekes Mem IM"]
[Site "Budapest HUN"]
[Date "2004.05.24"]
[Round "10"]
[White "Bulthaupt,F"]
[Black "Harmon,C"]
[Result "0-1"]
[WhiteElo "2210"]
[BlackElo "2184"]

1.d4 Nf6 2.Bg5 e6 3.Nf3 h6 4.Bh4 d5 5.e3 c5 6.c3 Be7 7.Nbd2 O-O 8.Bd3 cxd4
9.exd4 b6 10.Ne5 a5 11.Qe2 Qc7 12.g4 Ba6 13.Bxa6 Rxa6 14.Rg1 Nh7 15.Bg3 Bd6
16.h4 f6 17.Ng6 Re8 18.g5 fxg5 19.hxg5 Nxg5 20.Bxd6 Qxd6 21.Rxg5 hxg5 22.Nf3 e5
23.Nfxe5 b5 24.Qxb5 Qxg6 25.O-O-O Qe6 26.Rh1 Rf8 27.f3 Rd6 28.Qxa5 Nc6 29.Nxc6 Rxc6
30.a3 Ra6 31.Qb5 Rb6 32.Qd3 Qf5  0-1

[Event "3rd ACP Blitz Prelim1"]
[Site "playchess.com INT"]
[Date "2004.05.31"]
[Round "12"]
[White "Agababean,N"]
[Black "Atarov,E"]
[Result "0-1"]
[WhiteElo "2216"]
[BlackElo "2138"]

1.d4 Nf6 2.Bg5 e6 3.e4 h6 4.Bxf6 Qxf6 5.Nf3 d6 6.e5 Qd8 7.Bd3 Nc6 8.c3 Be7
9.O-O a6 10.Re1 b5 11.a3 Bb7 12.Qe2 Na5 13.Nbd2 c5 14.b4 cxb4 15.cxb4 Nc6
16.Rac1 Rc8 17.Ne4 dxe5 18.dxe5 Nd4 19.Nxd4 Qxd4 20.Rxc8+ Bxc8 21.Rd1 Qxe5
22.Qg4 O-O 23.Ng3 Rd8 24.Nh5 Rxd3  0-1

[Event "3rd ACP Blitz Octofinal"]
[Site "playchess.com INT"]
[Date "2004.06.05"]
[Round "3"]
[White "Gustafsson,J"]
[Black "Macieja,B"]
[Result "0-1"]
[WhiteElo "2579"]
[BlackElo "2633"]

1.d4 Nf6 2.Bg5 e6 3.e3 b6 4.Nd2 Bb7 5.Ngf3 Be7 6.Bd3 h6 7.Bh4 g5 8.Bg3 g4
9.Ne5 Bxg2 10.Rg1 Bh3 11.f3 h5 12.Qe2 c5 13.O-O-O d6 14.Bb5+ Kf8 15.Nc6 Nxc6
16.Bxc6 Rc8 17.Bb5 cxd4 18.exd4 Nd5 19.Kb1 Qc7 20.c3 Rg8 21.Bf2 gxf3 22.Rxg8+ Kxg8
23.Nxf3 Bf5+ 24.Bd3 Nf4 25.Qe3 Nxd3 26.Rxd3 Bxd3+ 27.Qxd3 Qc4 28.Qd1 Qd5
29.Ka1 b5 30.Nd2 Qf5 31.Be3 Kf8 32.a4 a6 33.Qh1 bxa4 34.Qb7 Re8 35.Qd7 Qb5
36.Qc7 Rb8 37.Nc4 Rb7 38.Qc8+ Kg7 39.Bc1 d5 40.Ne5 Ba3 41.Nd3 Bd6 42.Nf2 Be7
43.Nd3 a3 44.b3 Qxb3  0-1

[Event "TCh-CRO"]
[Site "Rabac CRO"]
[Date "2004.06.23"]
[Round "4"]
[White "Juric,G"]
[Black "Ramesa,M"]
[Result "1/2-1/2"]
[WhiteElo "2298"]
[BlackElo "2204"]

1.d4 Nf6 2.Bg5 e6 3.Nf3 c5 4.c3 h6 5.Bh4 b6 6.e3 Bb7 7.Be2 Be7 8.O-O O-O
9.Nbd2 d6 10.Ne1 Nbd7 11.Bf3 d5 12.c4 cxd4 13.exd4 Rc8 14.Rc1 Ba6 15.b3 Nb8
16.Be2 dxc4 17.Nxc4 b5 18.Ne5 Rxc1 19.Qxc1 Qxd4 20.N1f3 Qb6 21.Ng4 Nbd7 22.Nxh6+ gxh6
23.Qxh6 b4 24.Bxf6 Nxf6 25.Qg5+ Kh8 26.Bxa6 Qxa6 27.Qh4+ Kg7 28.Qg5+  1/2-1/2

[Event "2nd Infineon FM"]
[Site "Budapest HUN"]
[Date "2004.06.26"]
[Round "2"]
[White "Puschmann,L"]
[Black "Jonas,D"]
[Result "1-0"]
[WhiteElo "2283"]
[BlackElo "1961"]

1.d4 Nf6 2.Bg5 e6 3.e3 Be7 4.Bd3 b6 5.Bxf6 Bxf6 6.f4 Bb7 7.Nf3 O-O 8.Nbd2 d5
9.Qe2 Nc6 10.c3 Ne7 11.g4 g6 12.h4 Bg7 13.h5 f6 14.hxg6 hxg6 15.Nh4 Kf7 16.f5 exf5
17.gxf5 gxf5 18.Qh5+ Ke6 19.Nxf5 Nxf5 20.Qxf5+ Ke7 21.O-O-O Rh8 22.Rhg1 Bh6
23.Rg6 Bg5 24.Rg7+ Kd6 25.Rxg5 fxg5 26.Qg6+ Ke7 27.Qxg5+ Kd7 28.Qf5+ Kc6
29.Nc4 Bc8 30.Ne5+ Kb7 31.Qf1 Qe8 32.Bb5 Qe6 33.c4 Qh6 34.Qf3 Be6 35.Bc6+ Ka6
36.cxd5 Bxd5 37.Qe2+  1-0

[Event "ch-SLO"]
[Site "Maribor SLO"]
[Date "2004.07.03"]
[Round "8"]
[White "Basagic,Z"]
[Black "Krumpacnik,D"]
[Result "1-0"]
[WhiteElo "2369"]
[BlackElo "2367"]

1.d4 Nf6 2.Bg5 e6 3.e4 h6 4.Bxf6 Qxf6 5.Nf3 c5 6.c3 cxd4 7.cxd4 Bb4+ 8.Nc3 O-O
9.Bd3 d6 10.O-O Bxc3 11.bxc3 e5 12.Rb1 Nc6 13.d5 Na5 14.Qd2 Bd7 15.Ne1 Rac8
16.Nc2 Rc7 17.Ne3 Rfc8 18.c4 b6 19.Qb2 Qf4 20.Qe2 Qg5 21.f3 Nb7 22.g3 Nc5
23.Bc2 Bh3 24.Rf2 Re8 25.g4 g6 26.Kh1 Kg7 27.Rg1 h5 28.Nf5+ gxf5 29.gxf5 Bg4
30.fxg4 h4 31.f6+ Kg6 32.Rf5 Qh6 33.Rh5 Qf4 34.Rf1  1-0

[Event "TCh-GRE"]
[Site "Aghia Pelagia GRE"]
[Date "2004.07.04"]
[Round "1"]
[White "Moutousis,K"]
[Black "Gelashvili,T"]
[Result "0-1"]
[WhiteElo "2448"]
[BlackElo "2573"]

1.d4 Nf6 2.Bg5 e6 3.e4 h6 4.Bxf6 Qxf6 5.Nf3 d6 6.Nc3 Qe7 7.Qd2 g6 8.O-O-O Bg7
9.Kb1 a6 10.h4 b5 11.Ne2 Bb7 12.d5 Nd7 13.Nf4 Nc5 14.Bd3 Qf6 15.Qc1 exd5
16.exd5 Bc8 17.Rhe1+ Kd8 18.c3 Bg4 19.Be2 Bxf3 20.Bxf3 b4 21.cxb4 Rb8 22.Nd3 Nxd3
23.Rxd3 Rxb4 24.Rb3 Rxb3 25.axb3 Re8 26.Rxe8+ Kxe8 27.h5 gxh5 28.Qd2 h4 29.Ka2 Kd8
30.Bg4 Qd4 31.Qxd4 Bxd4 32.b4 Bxf2 33.Kb3 Ke7 34.Kc4 Kf6 35.Bh5 Kg7 36.Bg4 Kg6
37.Bc8 Kg5 38.Kd3 Kf4 39.Ke2 Kg3 40.Kf1 Bd4 41.b3 Bc3 42.Bd7 Bxb4 43.Bc8 a5
44.Bd7 Kf4 45.Ke2 Ke4 46.Bc6 f5 47.Bb7 Bc5 48.Bc6 f4 49.Bb7 f3+ 50.Kf1 Kf4
51.Bc8 Kg3  0-1

[Event "Nova Open"]
[Site "Haarlem NED"]
[Date "2004.07.04"]
[Round "5"]
[White "Vroombout,E"]
[Black "Moes,W"]
[Result "1-0"]
[WhiteElo "2169"]
[BlackElo "2029"]

1.d4 Nf6 2.Bg5 e6 3.e3 d5 4.Bd3 c5 5.c3 Nc6 6.Nf3 Bd6 7.Nbd2 O-O 8.O-O e5
9.dxe5 Nxe5 10.Nxe5 Bxe5 11.e4 h6 12.Bh4 Qd6 13.exd5 Bxh2+ 14.Kh1 Qxd5 15.Bc4 Qd6
16.Bxf6 Qxf6 17.Kxh2 Rd8 18.f4 Bf5 19.Qe2 a6 20.a4 Qh4+ 21.Kg1 Re8 22.Qf2 Qg4
23.Rfe1 h5 24.Bd5 h4 25.Nc4 h3 26.Ne5  1-0

[Event "IMA"]
[Site "Brno CZE"]
[Date "2004.07.05"]
[Round "3"]
[White "Coleman,J"]
[Black "Skacelik,P"]
[Result "1-0"]
[WhiteElo "2203"]
[BlackElo "2279"]

1.d4 Nf6 2.Bg5 e6 3.e4 h6 4.Bxf6 Qxf6 5.c3 g6 6.Nd2 d6 7.Bd3 Nd7 8.Ne2 Qe7
9.O-O Bg7 10.f4 e5 11.Qe1 O-O 12.Qg3 exd4 13.cxd4 c5 14.f5 gxf5 15.exf5 Kh8
16.Ne4 cxd4 17.Rae1 d5 18.f6 Nxf6 19.Nxf6 Bxf6 20.Nf4 Be6 21.Rxe6  1-0

[Event "ch-CRC"]
[Site "Casa Espana CRC"]
[Date "2004.07.05"]
[Round "1"]
[White "Hernandez Basante,F"]
[Black "Valdes,Le"]
[Result "1/2-1/2"]
[WhiteElo "2244"]
[BlackElo "2370"]

1.d4 Nf6 2.Bg5 e6 3.Nd2 h6 4.Bh4 c5 5.e3 Be7 6.Ngf3 b6 7.Bd3 cxd4 8.exd4 Bb7
9.Bxf6 Bxf6 10.Ne4 Qc7 11.Qe2 Be7 12.O-O-O d5 13.Bb5+ Nc6 14.Ng3 O-O 15.Bxc6 Bxc6
16.Ne5 Rac8 17.Nxc6 Qxc6 18.Kb1 Rc7 19.Rd3 Rfc8 20.Rc3 Qa4 21.Rxc7 Rxc7 22.Rd1 Bf6
23.Qd3 g6 24.Ne2 Bg7 25.f4 h5 26.g3 Qc4 27.Qxc4 Rxc4 28.c3 f6 29.Kc2 Kf7
30.Kd3 Rc8 31.Ng1 Bf8 32.Nf3 Bd6 33.Re1 Rh8 34.h4 Re8 35.Re2 Ke7 36.Re1 Kd7
37.Re2 b5 38.Rc2 Be7 39.Re2 Rg8 40.Rh2 Bd6 41.Re2 a5 42.Rc2 a4 43.a3 Be7
44.Rh2 Kd6 45.Rh1 Bf8 46.Rh2 Bg7 47.Re2 Bh6 48.Rh2 Re8 49.Re2 Bg7 50.Re1 Re7
51.Rf1 Kd7 52.Re1 Ke8 53.Re2 Kf7 54.Re1 Bf8 55.Re2 Re8 56.Re1 Bd6 57.Re2 Ke7
58.Re1 Kd7 59.Re2 Bf8 60.Re1 Bg7 61.Re2 Kd6 62.Rf2 Re7 63.Rf1 Bf8 64.Re1 Rg7
65.Re2 Be7 66.Rh2 Rg8 67.Rh1 Kd7 68.Rh2 Re8 69.Re2 Bf8 70.Re1 Re7 71.Re2 Rg7
72.Re1 Kd6 73.Rf1  1/2-1/2

[Event "Valoz Cup"]
[Site "Olomouc CZE"]
[Date "2004.07.05"]
[Round "2"]
[White "Webb,Ri"]
[Black "Blazkova,P"]
[Result "1/2-1/2"]
[WhiteElo "2309"]
[BlackElo "2226"]

1.d4 Nf6 2.Bg5 e6 3.e4 h6 4.Bxf6 Qxf6 5.Nc3 Bb4 6.Qd3 e5 7.dxe5 Qxe5 8.Ne2 O-O
9.O-O-O c6 10.f4 Qe7 11.a3 Ba5 12.g4 d5 13.exd5 Bxg4 14.Rg1 f5 15.h3 Bh5
16.d6 Qf7 17.Rd2 Nd7 18.Ng3  1/2-1/2

[Event "32nd World Open"]
[Site "Philadelphia USA"]
[Date "2004.07.05"]
[Round "8"]
[White "Hoekstra,M"]
[Black "Boor,C"]
[Result "1/2-1/2"]
[WhiteElo "2358"]
[BlackElo "2169"]

1.d4 Nf6 2.Bg5 e6 3.e4 h6 4.Bxf6 Qxf6 5.Nc3 d6 6.Qd2 e5 7.dxe5 dxe5 8.Nd5 Qd8
9.Qc3 Bd6 10.O-O-O c6 11.Ne3 Qe7 12.Nf3 Bc7 13.h4 b5 14.Bxb5 O-O 15.Bxc6 Nxc6
16.Qxc6 Be6 17.Nd5 Bxd5 18.Rxd5 Bb6 19.Rd7 Qb4 20.a3 Qa5 21.Qd5 Qa4 22.Nxe5 Rac8
23.c3 Rc5 24.Qd1 Qxd1+ 25.Rhxd1 Rxe5 26.f3 Rh5 27.g3 Bf2 28.R1d5 Rxd5 29.exd5 Bxg3
30.c4 Rc8 31.b3 g5 32.h5 a5 33.Ra7 f5 34.Rxa5 g4 35.fxg4 f4 36.d6 f3 37.Rf5 f2
38.Kd2 Rc6 39.c5 Rxc5 40.d7 Rxf5 41.gxf5 f1=Q 42.d8=Q+ Kf7 43.Qd7+ Kf6 44.Qd8+ Kf7
45.Qd7+ Kf6  1/2-1/2

[Event "IMA"]
[Site "Brno CZE"]
[Date "2004.07.06"]
[Round "4"]
[White "Pisk,P"]
[Black "Skacelik,P"]
[Result "1-0"]
[WhiteElo "2344"]
[BlackElo "2279"]

1.d4 Nf6 2.Bg5 e6 3.e4 h6 4.Bxf6 Qxf6 5.c3 d5 6.Nd2 Qd8 7.Ngf3 Be7 8.Bd3 O-O
9.Qe2 c5 10.dxc5 Bxc5 11.Nb3 Bb6 12.Rd1 Nc6 13.O-O Qf6 14.Rfe1 g6 15.Bc2 Rd8
16.h3 Kg7 17.e5 Qe7 18.Nbd4 a6 19.Qe3 Ba7 20.Nh2 h5 21.Nhf3 Bd7 22.Qf4 Rac8
23.Bd3 Nxd4 24.Nxd4 Bxd4 25.Qxd4 Bb5 26.Bb1 Rc4 27.Qe3 Rdc8 28.Rd2 Qh4 29.Bd3 R4c5
30.Bxb5 Rxb5 31.b4 Qd8 32.g4 hxg4 33.hxg4 Rb6 34.Kg2 Rbc6 35.Rh1 g5 36.Qh3 Qh8
37.Qe3 Qd8 38.Qh3 Qh8 39.Qf3 Qd8 40.Rh7+  1-0

[Event "Proclient Cup"]
[Site "Olomouc CZE"]
[Date "2004.07.06"]
[Round "4"]
[White "Savage,B"]
[Black "Kanovsky,D"]
[Result "1/2-1/2"]
[WhiteElo "2204"]
[BlackElo "2286"]

1.d4 Nf6 2.Bg5 e6 3.e4 h6 4.Bxf6 Qxf6 5.Nc3 d6 6.Qd2 c6 7.f4 g5 8.Nf3 Qxf4
9.Qxf4 gxf4 10.Ne2 h5 11.Nxf4 Nd7 12.Nd3 Bh6 13.e5 dxe5 14.Ndxe5 Nf6 15.Bd3 Ng4
16.c3 f6 17.Bg6+ Ke7 18.Bxh5 Nxe5 19.dxe5 f5 20.g4 fxg4 21.Bxg4 Bd7 22.Rd1 c5
23.c4 Raf8 24.h3 Rf4 25.b3 Rhf8 26.O-O Bc6 27.Kg2 Re4 28.Rde1 Be3 29.Kg3 Bf4+
30.Kf2 Bxe5 31.Rxe4 Bxe4 32.Ke3  1/2-1/2

[Event "IMA"]
[Site "Brno CZE"]
[Date "2004.07.07"]
[Round "5"]
[White "Coleman,J"]
[Black "Orsag,Mil1"]
[Result "0-1"]
[WhiteElo "2203"]
[BlackElo "2392"]

1.d4 Nf6 2.Bg5 e6 3.e4 h6 4.Bxf6 Qxf6 5.c3 c5 6.Nf3 b6 7.e5 Qd8 8.Nbd2 Bb7
9.Bd3 cxd4 10.cxd4 Nc6 11.Be4 d5 12.Bd3 g5 13.Qa4 Qd7 14.Rc1 a6 15.Qb3 Qd8
16.Ng1 Nxd4 17.Qa4+ Nc6 18.Ngf3 b5 19.Qg4 h5 20.Qg3 g4 21.Ng1 Bh6 22.f4 gxf3
23.Ngxf3 Qb6 24.Qf2 Qxf2+ 25.Kxf2 Bxd2 26.Nxd2 Nxe5 27.Be2 Rc8 28.Nb3 Rxc1
29.Rxc1 Kd8 30.Ke3 h4 31.Na5 Ba8 32.Kd4 Nc4 33.Bxc4 dxc4 34.Kc5 Kc7 35.a4 Rh5+
36.Kb4 Bxg2 37.b3 Kd6 38.bxc4 bxc4 39.Nxc4+ Ke7 40.Ne3 a5+ 41.Kc4 Bc6 42.Kb3 Bd5+
43.Kc3 Kd6 44.Rf1 f5 45.h3 Rh8 46.Rf4 Ke5 47.Rf2 Rc8+ 48.Kd2 Be4 49.Rf1 Rd8+
50.Ke1 Rd4  0-1

[Event "TCh-GRE"]
[Site "Aghia Pelagia GRE"]
[Date "2004.07.08"]
[Round "6"]
[White "Szabo,Le"]
[Black "Pavlidis,A"]
[Result "1-0"]
[WhiteElo "2185"]
[BlackElo "2021"]

1.d4 Nf6 2.Bg5 e6 3.Nd2 Be7 4.e4 h6 5.Bh4 d5 6.e5 Nfd7 7.Bxe7 Qxe7 8.Bd3 c5
9.c3 Nc6 10.Ne2 O-O 11.O-O b6 12.f4 cxd4 13.cxd4 Nb4 14.Bb1 Ba6 15.a3 Nc6
16.Nf3 Na5 17.Rf2 Nc4 18.Qd3 f5 19.exf6 Nxf6 20.b3 Ne3 21.Qxa6 Nfg4 22.Qd3 Rf5
23.h3 Nxf2 24.Kxf2 Nxg2 25.Kxg2 g5 26.Qd2 Rf7 27.Ne5 Rg7 28.Bg6 Rf8 29.fxg5 hxg5
30.Ng3 Rc8 31.Nh5 Rxg6 32.Nxg6 Qf7 33.Qd3  1-0

[Event "ch-NOR"]
[Site "Molde NOR"]
[Date "2004.07.10"]
[Round "9"]
[White "Stokke,K"]
[Black "Heim,S"]
[Result "1/2-1/2"]
[WhiteElo "2214"]
[BlackElo "2368"]

1.d4 Nf6 2.Bg5 e6 3.e4 h6 4.Bxf6 Qxf6 5.Nf3 d6 6.Nc3 Nd7 7.Bd3 Qd8 8.Ne2 c5
9.c3 Be7 10.O-O O-O 11.Ng3 b6 12.Qe2 Bb7 13.Rfe1 Rc8 14.Ba6 Qc7 15.Rad1 cxd4
16.cxd4 Rfe8 17.d5 Bxa6 18.Qxa6 Bf6 19.dxe6 Rxe6  1/2-1/2

[Event "Specsavers YM"]
[Site "Millfield School ENG"]
[Date "2004.07.24"]
[Round "9"]
[White "Bigg,A"]
[Black "Hanley,C"]
[Result "1/2-1/2"]
[WhiteElo "2275"]
[BlackElo "2356"]

1.d4 Nf6 2.Bg5 e6 3.e4 h6 4.Bxf6 Qxf6 5.Nc3 Bb4 6.Qd3 d5 7.Ne2 dxe4 8.Qxe4 O-O
9.a3 Ba5 10.f4 Bd7 11.O-O-O Bc6 12.Qe3 Nd7 13.Rg1 b5 14.g4 b4 15.axb4 Bxb4
16.g5 hxg5 17.Rxg5 Qh6 18.Ng3 Nf6 19.Bc4 Bxc3 20.bxc3 Rfe8 21.Rg1 Kf8 22.Qe5 Bf3
23.Nf1 Nd5  1/2-1/2

[Event "Skanska Open"]
[Site "Pardubice CZE"]
[Date "2004.07.24"]
[Round "2"]
[White "Chernyshov,K"]
[Black "Maiorov,N"]
[Result "1/2-1/2"]
[WhiteElo "2585"]
[BlackElo "2414"]

1.d4 Nf6 2.Bg5 e6 3.Nf3 h6 4.Bh4 d6 5.Nbd2 g5 6.Bg3 Nh5 7.e3 Nxg3 8.hxg3 Bg7
9.Bd3 Nc6 10.c3 Qe7 11.Qc2 Bd7 12.O-O-O O-O-O 13.e4 h5 14.Kb1 g4 15.Nh4 Bh6
16.Nc4 Qg5 17.Rde1 Kb8 18.Rhg1 e5 19.d5 Ne7 20.Qb3 Ka8 21.Ne3 Qf6 22.Nef5 Ng6
23.Qc4 Kb8 24.Rh1 Bg5 25.Ref1 Rdf8 26.Qb4 Bxh4 27.gxh4 Ne7 28.Ne3 Qh6 29.Nc4 Nc8
30.f3 f5 31.fxg4 fxg4 32.a4 Nb6 33.a5 Nxc4 34.Bxc4 Qe3 35.Re1 Qc5 36.Qxc5 dxc5
37.Rhf1 Kc8 38.Kc1 Kd8 39.Kd2 Ke7 40.Ke3 Rxf1 41.Rxf1 Rf8 42.Rxf8 Kxf8 43.g3 Ke7
44.Kd2 Kd6 45.Kc2 Be8 46.Kb3 Bg6 47.Bd3 Bf7 48.Kc2 Bg6 49.Kd2 Be8 50.Ke3 Bd7
51.Bc4 Be8 52.Ba2 Bb5 53.b4 Be8 54.Kd3 Bb5+ 55.Bc4 Be8 56.Ke3 cxb4 57.cxb4 Bg6
58.Bb5 Bf7 59.Ba4 Bg6 60.Kd3 Bf7  1/2-1/2

[Event "MTO"]
[Site "Biel SUI"]
[Date "2004.07.25"]
[Round "6"]
[White "Cebalo,M"]
[Black "Zenklusen,R"]
[Result "1/2-1/2"]
[WhiteElo "2527"]
[BlackElo "2306"]

1.d4 Nf6 2.Bg5 e6 3.e4 h6 4.Bxf6 Qxf6 5.Nc3 d6 6.Qd2 Nd7 7.O-O-O a6 8.f4 Qd8
9.Nf3 b5 10.e5 d5 11.f5 Nb6 12.fxe6 Bxe6 13.Bd3 Bb4 14.a3 Be7 15.Ne2 Qd7
16.Nf4 a5 17.Nxe6 fxe6 18.Qf4 O-O-O 19.Qd2 Nc4 20.Bxc4 bxc4 21.Qxa5 Qc6 22.Kd2 g5
23.g4 h5 24.h3 Rdf8 25.Ke2 Rf4 26.gxh5 Rxh5 27.Rdf1 Kb7 28.Qc3 Qe8 29.b3 Qg6
30.bxc4 Qe4+ 31.Kd1 g4 32.Nd2 Qxd4 33.Qb3+ Kc8 34.Rxf4 Qxf4 35.Qb5 Qxe5 36.Re1 Qa1+
37.Nb1 Qd4+ 38.Nd2 Qa1+ 39.Nb1 Qd4+  1/2-1/2

[Event "Politiken Cup"]
[Site "Copenhagen DEN"]
[Date "2004.07.25"]
[Round "2"]
[White "Fries Nielsen,JO"]
[Black "Norton,C"]
[Result "1/2-1/2"]
[WhiteElo "2398"]
[BlackElo "2108"]

1.d4 Nf6 2.Bg5 e6 3.e4 h6 4.Bxf6 Qxf6 5.Nc3 Bb4 6.e5 Qe7 7.a3 Bxc3+ 8.bxc3 d6
9.Nf3 dxe5 10.Nxe5 Nd7 11.Bb5 c6 12.Nxd7 Bxd7 13.Bd3 c5 14.Qg4 Qg5 15.Qxg5 hxg5
16.dxc5 Bc6 17.O-O O-O-O 18.f4 gxf4 19.Rxf4 f6 20.Rg4 Rd7 21.Re1 Re7 22.Rd4 Kc7
23.Bf5 Rhe8 24.Bg6 Rd8 25.Rxd8 Kxd8 26.Kf2 Kc7 27.g4 e5 28.Ke3 Bd5 29.g5 fxg5
30.Rg1 Kc6 31.Rxg5 Kxc5 32.Bd3 b5 33.h4 a5 34.Be2 Bc6 35.Rg6 Bd5 36.h5 Bc4
37.Bf3 Bd5 38.Be2 Bc4 39.Bf3 Bd5 40.Be2  1/2-1/2

[Event "12th GM"]
[Site "Lippstadt GER"]
[Date "2004.07.25"]
[Round "2"]
[White "Brenke,A"]
[Black "Schenk,A"]
[Result "1/2-1/2"]
[WhiteElo "2379"]
[BlackElo "2483"]

1.d4 Nf6 2.Bg5 e6 3.e4 h6 4.Bxf6 Qxf6 5.Nc3 d6 6.Qd2 c6 7.f4 e5 8.dxe5 dxe5
9.f5 Qd6 10.Qf2 Nd7 11.Nf3 Be7 12.Bd3 Nc5 13.O-O-O Bd7 14.g4 Qc7 15.Qg3 f6
16.Nh4 Nxd3+ 17.Rxd3 Kf7 18.Ng6 Rhd8 19.Nxe7 Kxe7 20.h4 Be8 21.Rhd1  1/2-1/2

[Event "MTO"]
[Site "Biel SUI"]
[Date "2004.07.27"]
[Round "8"]
[White "Thorfinnsson,Br"]
[Black "Zenklusen,R"]
[Result "1-0"]
[WhiteElo "2431"]
[BlackElo "2306"]

1.d4 Nf6 2.Bg5 e6 3.e4 h6 4.Bxf6 Qxf6 5.Nc3 d6 6.Qd2 Nd7 7.O-O-O a6 8.f4 Qd8
9.g4 b5 10.Bg2 Bb7 11.Kb1 Be7 12.h4 c5 13.g5 c4 14.d5 e5 15.Nf3 Qb6 16.Bh3 Nc5
17.Qe3 Qc7 18.Ne2 h5 19.g6 fxg6 20.Rhg1 Kf7 21.Rdf1 Bf6 22.fxe5 dxe5 23.Ng5+ Ke7
24.Be6 Raf8 25.Qg3 Kd6 26.Bh3 Bc8 27.Ne6 Bxe6 28.dxe6 Nxe6 29.Qa3+ Nc5 30.Rd1+ Kc6
31.Rd5 Kb6 32.Nc3 Rd8 33.Rgd1 Qc6 34.Bd7 Qc7 35.Rxc5 Qb7 36.Rd6+ Ka7 37.Rxa6+ Kb8
38.Bc6 b4 39.Ra8+  1-0

[Event "Politiken Cup"]
[Site "Copenhagen DEN"]
[Date "2004.07.28"]
[Round "6"]
[White "Bank,P"]
[Black "Petersen,PB"]
[Result "0-1"]
[WhiteElo "2277"]
[BlackElo "2214"]

1.d4 Nf6 2.Bg5 e6 3.e4 h6 4.Bxf6 Qxf6 5.Nc3 d6 6.Qd2 Nd7 7.O-O-O g6 8.f4 Bg7
9.Bc4 O-O 10.Nge2 a6 11.e5 dxe5 12.dxe5 Qe7 13.h4 b5 14.Bd3 Nc5 15.Ne4 Nxd3+
16.Qxd3 Bb7 17.Qe3 Rad8 18.Nd4 Bxe4 19.Qxe4 Qb4 20.Qe3 Qc4 21.Nb3 Rd5 22.Rxd5 Qxd5
23.Rd1 Qxg2 24.Nc5 Qg4 25.Nxa6 Ra8 26.Nxc7 Rxa2 27.Rd8+ Kh7 28.Kb1 Ra4 29.Rd4 Qxh4
30.Rxa4 bxa4 31.Ka2 Qd8 32.Qc3 g5 33.fxg5 Qxg5 34.Qd3+ Qg6 35.Qd7 Bxe5 36.Ne8 h5
37.Qxa4 Qg2 38.Qh4 Kg6 39.Kb3 Qg3+ 40.Qxg3+ Bxg3  0-1

[Event "MTO"]
[Site "Biel SUI"]
[Date "2004.07.29"]
[Round "10"]
[White "Cebalo,M"]
[Black "Valenti,G"]
[Result "1-0"]
[WhiteElo "2527"]
[BlackElo "2288"]

1.d4 Nf6 2.Bg5 e6 3.e4 h6 4.Bxf6 Qxf6 5.Nc3 Qd8 6.Qd2 d5 7.O-O-O Bb4 8.Bd3 O-O
9.Nf3 Nd7 10.a3 dxe4 11.Bxe4 Bd6 12.Ne5 Qf6 13.f4 c5 14.g3 Rd8 15.Nb5 Bb8
16.Qa5 a6 17.dxc5 Bxe5 18.fxe5 Qg5+ 19.Kb1 Rf8 20.Rhe1 Nxe5 21.Nd6 Ng4 22.h4 Qe7
23.Bf3 Nf6 24.Qb6 e5 25.Bxb7 Bxb7 26.Qxb7 Qe6 27.Qb3 Qg4 28.c6 Rab8 29.Qc3  1-0

[Event "Open Dutch Champ"]
[Site "Dieren NED"]
[Date "2004.07.31"]
[Round "5"]
[White "Duijker,R"]
[Black "Cako,L"]
[Result "1/2-1/2"]
[WhiteElo "2288"]
[BlackElo "2119"]

1.d4 Nf6 2.Bg5 e6 3.c3 h6 4.Bh4 Be7 5.Nd2 d5 6.e3 b6 7.Bd3 Bb7 8.f4 Nbd7
9.Ngf3 Ne4 10.Bxe7 Qxe7 11.Bxe4 dxe4 12.Ne5 Nxe5 13.fxe5 Qh4+ 14.g3 Qg5 15.Qe2 O-O
16.O-O f5 17.exf6 gxf6 18.Rf4 f5 19.Qc4 Qe7 20.g4 Kh7 21.gxf5 Bd5 22.Qe2 exf5
23.Kh1 Be6 24.Raf1 c6 25.a3 Rg8 26.R4f2 Rg5 27.Rg2 Rag8 28.Rfg1 Bf7 29.Qf2 Rxg2
30.Rxg2 Rxg2 31.Kxg2 Qg5+ 32.Qg3 Qh5 33.Nf1 Qg5 34.h4 Qh5 35.Qf4 Qe2+ 36.Qf2 Qg4+
37.Ng3 Be6 38.Qf4 Qxf4 39.exf4 a5 40.Kf2 Kg6 41.Nf1 a4 42.Ne3 b5 43.Nc2 Bd5
44.Nb4 Kh5 45.Kg3 e3 46.Nc2 e2 47.Ne1 Be4 48.Kh3 Bd5 49.Kg3 Be4 50.Kh3  1/2-1/2

[Event "Open Dutch Champ"]
[Site "Dieren NED"]
[Date "2004.08.03"]
[Round "7"]
[White "Bensdorp,M"]
[Black "Cako,L"]
[Result "0-1"]
[WhiteElo "2238"]
[BlackElo "2119"]

1.d4 Nf6 2.Bg5 e6 3.e4 h6 4.Bxf6 Qxf6 5.c3 d6 6.Bd3 g6 7.Ne2 Bg7 8.O-O O-O
9.f4 Qe7 10.Nd2 Nd7 11.e5 b6 12.Qe1 Bb7 13.Qg3 Rfd8 14.Rad1 Rac8 15.h4 h5
16.Ne4 Bxe4 17.Bxe4 c5 18.Qh3 cxd4 19.cxd4 Nf8 20.a3 Rc4 21.Bd3 Rc7 22.Rf3 Qd7
23.Rdf1 Qa4 24.Kh1 Qa5 25.g4 hxg4 26.Qxg4 dxe5 27.fxe5 Qd2 28.Qg3 Qh6 29.R1f2 Rcd7
30.a4 Qh5 31.Bb5 Rxd4 32.Nxd4 Rxd4 33.Rg2 Bxe5 34.Qg5 Rxh4+ 35.Kg1 Bd4+  0-1

[Event "Open"]
[Site "Charleroi BEL"]
[Date "2004.08.06"]
[Round "8"]
[White "Dal Borgo,A"]
[Black "Van Mechelen,J"]
[Result "1/2-1/2"]
[WhiteElo "2157"]
[BlackElo "2271"]

1.d4 Nf6 2.Bg5 e6 3.e3 b6 4.c4 Bb7 5.Nc3 Bb4 6.Nf3 h6 7.Bxf6 Bxc3+ 8.bxc3 Qxf6
9.Bd3 Nc6 10.Be4 O-O-O 11.O-O Qe7 12.Qa4 Kb8 13.c5 f5 14.Bd3 g5 15.cxb6 cxb6
16.Rab1 g4 17.Nd2 g3 18.Ba6 gxh2+ 19.Kh1 d6 20.Nc4 Bxa6 21.Qxa6 Qb7 22.Qxb7+  1/2-1/2

[Event "ch-GBR"]
[Site "Scarborough ENG"]
[Date "2004.08.06"]
[Round "5"]
[White "Bigg,A"]
[Black "Tan,D"]
[Result "1/2-1/2"]
[WhiteElo "2275"]
[BlackElo "2335"]

1.d4 Nf6 2.Bg5 e6 3.e4 h6 4.Bxf6 Qxf6 5.Nc3 Bb4 6.Qd3 d5 7.Ne2 dxe4 8.Qxe4 O-O
9.a3 Ba5 10.f4 Bd7 11.O-O-O Bc6 12.Qe3 b5 13.Rg1 Nd7 14.g4 b4 15.axb4 Bxb4
16.g5 hxg5 17.Rxg5 Rfe8 18.Ng3 g6 19.Nh5 Qh8 20.Bc4 Kf8 21.Ng3 Nb6 22.Bb5 Bxb5
23.Nxb5 Nd5 24.Qf3 a6 25.Na3 Bd6 26.Ne2 Qf6  1/2-1/2

[Event "14th Open"]
[Site "Abu Dhabi UAE"]
[Date "2004.08.15"]
[Round "2"]
[White "Coleman,J"]
[Black "Ramaswamy,A"]
[Result "1/2-1/2"]
[WhiteElo "2203"]
[BlackElo "2299"]

1.d4 Nf6 2.Bg5 e6 3.e4 h6 4.Bxf6 Qxf6 5.c3 Nc6 6.Bd3 e5 7.d5 Bc5 8.Qf3 Ne7
9.Qxf6 gxf6 10.Ne2 d6 11.Nd2 f5 12.f4 Rg8 13.g3 exf4 14.Nxf4 Bd7 15.O-O-O O-O-O
16.Rde1 Ng6 17.Nxg6 fxg6 18.Rhf1 Rde8 19.exf5 Bxf5 20.Bxf5+ gxf5 21.Kd1 Rxe1+
22.Rxe1 h5 23.Rf1 h4 24.Rxf5 hxg3 25.hxg3 Rxg3 26.Kc2 b5  1/2-1/2

[Event "4th Botvinnik Mem B"]
[Site "Satka RUS"]
[Date "2004.08.31"]
[Round "6"]
[White "Gumerov,R"]
[Black "Ilkin,A"]
[Result "1/2-1/2"]
[WhiteElo "2320"]
[BlackElo "2350"]

1.d4 Nf6 2.Bg5 e6 3.Nf3 d5 4.e3 Be7 5.Bd3 c5 6.c3 Nc6 7.Nbd2 cxd4 8.exd4 h6
9.Bh4 Bd7 10.O-O O-O 11.Re1 Nh5 12.Bxe7 Qxe7 13.Ne5 Nf4 14.Bf1 Nxe5 15.dxe5 b5
16.g3 Ng6 17.a3 a5 18.Bd3 b4 19.Nf3 bxc3 20.bxc3 Qc5 21.Bxg6 fxg6 22.Re3 Rab8
23.Qc2 g5 24.Nd4 Rb6 25.Ra2 Rfb8 26.Kg2 Qc4 27.Ra1 Be8 28.Qe2 Qxe2 29.Rxe2 Kf7
30.Kf3 Ke7 31.Ke3 Rb2 32.Ra2  1/2-1/2

[Event "Open"]
[Site "Kostrena CRO"]
[Date "2004.09.03"]
[Round "9"]
[White "Zilic,A"]
[Black "Hirneise,T"]
[Result "1/2-1/2"]
[WhiteElo "2044"]
[BlackElo "1977"]

1.d4 Nf6 2.Bg5 e6 3.e3 c5 4.c3 cxd4 5.exd4 Be7 6.Nf3 d6 7.Bb5+ Nbd7 8.Nbd2 O-O
9.O-O Qc7 10.Bd3 b6 11.Qc2 h6 12.Bf4 Bb7 13.Nc4 b5 14.Ne3 a6 15.Rad1 Nd5
16.Nxd5 Bxd5 17.a3 g5 18.Bc1 Qb7 19.Ne1 f5 20.Qe2 Nf6 21.c4 bxc4 22.Bxc4 Bxc4
23.Qxc4 Qd5 24.Qxd5 Nxd5 25.Rd3 Rac8 26.Bd2 Bf6 27.g3 Rc4 28.Nf3 g4 29.b3 Rc6
30.Ne1 Bg5 31.f4 Bf6 32.Ng2 Rfc8 33.Re1 Kf7 34.Kf2 Nc7 35.a4 d5 36.Ne3 Ne8
37.Ke2 Nd6 38.Nd1 Ne4 39.Nf2 Rc2 40.Rd1 Rb2 41.Ke3 Rcc2 42.Nxe4 dxe4 43.Rc3 Bxd4+
44.Kxd4 Rxd2+ 45.Rxd2 Rxd2+ 46.Ke3 Rxh2 47.b4 Rb2 48.Rc7+ Kf6 49.Rc6 Rxb4
50.Rxa6 Rb3+ 51.Kf2 Rf3+ 52.Kg2 e3 53.Rc6 e2 54.Rc1 Ra3 55.Re1 Rxa4 56.Rxe2 h5
57.Rc2 h4 58.Kh2 hxg3+ 59.Kxg3 Ra3+ 60.Kg2 Re3 61.Rc6 Re4 62.Kg3 Ke7 63.Rc5 Kd6
64.Ra5 Rc4 65.Ra6+ Kd5 66.Ra5+ Rc5 67.Ra6 Rc3+ 68.Kg2 Ke4 69.Ra4+ Kd5 70.Ra5+ Rc5
71.Ra2 e5 72.Rd2+ Ke4 73.fxe5 Kxe5 74.Re2+ Kf4 75.Rf2+ Ke3 76.Ra2 f4 77.Ra3+ Kd4
78.Ra4+ Rc4 79.Ra8 Rc2+ 80.Kg1 Ke3 81.Ra3+ Ke2 82.Ra8 Rc1+ 83.Kg2 f3+ 84.Kg3 f2
85.Ra2+ Ke1 86.Rxf2 Rc3+ 87.Kg2 Re3 88.Ra2 g3 89.Ra1+ Ke2  1/2-1/2